| 000 | 00000nam##2200000za#4500 |
| 001 | 9.650274 |
| 003 | CaOODSP |
| 005 | 20210615114235 |
| 007 | ta |
| 008 | 150407|2006||||xxc||||| f|0| 0 eng|d |
| 020 | |a0-662-43918-X |
| 040 | |aCaOODSP|beng |
| 043 | |an-cn--- |
| 086 | 1 |aR64-105/35-2006E |
| 110 | 2 |aParks Canada. |
| 245 | 10|aHalifax Citadel, Georges Island, Fort McNab, Prince of Wales Tower and York Redoubt national historic sites of Canada - management plan |
| 260 | |aHalifax - Nova Scotia : |bParks Canada |cMay 2009. |
| 300 | |ax, 70p. : |bmaps, references, photographs ; |c28 cm. |
| 520 | 3 |aA strategic guide for the future management and conservation of this national historic site. It provides a strategy that follows legislative and policy requirements while addressing local issues and circumstances. The plan includes information about the site’s history and value as a cultural resource; its operating environment and programming; strategies for retaining its integrity; future plans; and an environmental assessment summary. |
| 563 | |aSoftcover |
| 590 | |a09-42|b2009-10-16 |
| 690 | 07|aHistoric sites|2gcpds |
| 775 | 08|tLieux historiques nationaux du Canada de la Citadelle-d'Halifax, de l'Île-Georges, du Fort-McNab, de la Tour-Prince-de-Galles et de la Redoute-York - plan directeur |w(CaOODSP)9.683393 |
| 776 | 0#|tHalifax Citadel, Georges Island, Fort McNab, Prince of Wales Tower and York Redoubt National Historic Sites of Canada |w(CaOODSP)9.822508 |